| 000 | 00536nam a2200157Ia 4500 | ||
|---|---|---|---|
| 008 | 140609s9999 xx 000 0 und d | ||
| 020 | _a9789712332340 | ||
| 050 |
_aKPM 856 _b.P45 2001 |
||
| 245 | 4 |
_aThe philippine e-commerce act and other related laws and issuances (with the rule on electronic evidence) _ccompiled and edited by Ernesto C. Salao |
|
| 250 | _a2001 ed. | ||
| 260 |
_aQuezon City, Philippines : _bRex Book Store, Inc., _cc2001. |
||
| 300 |
_a92 p. ; _c23 cm. |
||
| 521 | _aGE | ||
| 942 |
_kLOC _cBK |
||
| 999 |
_c118285 _d118285 |
||